Koncepty manažmentu a ich implementácia vo vybranom podniku

Gespeichert in:
Bibliographische Detailangaben
1. Verfasser: Bobenič Hintošová, Aneta, 1979-
Weitere Verfasser: Hurný, František
Format: Buchkapitel
Sprache:Slowakisch
Tags: Tag hinzufügen
Keine Tags, Fügen Sie das erste Tag hinzu!

MARC

LEADER 00000nla a2200000 4500
001 0224886
005 20240502073701.8
041 0 |a slo 
044 |a SK 
245 1 0 |a Koncepty manažmentu a ich implementácia vo vybranom podniku  |c Aneta Bobenič Hintošová, František Hurný 
500 |a Abstrakt 
100 1 |a Bobenič Hintošová, Aneta, 1979- 
700 1 |a Hurný, František